00404nam a2200157Ia 45000010006000000050017000060080041000230410008000640820022000721000028000942450071001222600009001933000028002026500008002306540008002381123620260306161931.0260306t2014||||xx |||||||||||||| ||spa|| aESP a985.019bS55 T. 2 aSilverman, Gail P.eAUT 0aLos signos del imperio. Leyendo la túnica Inca de Dumbarton Oaks c2014 a169 páginas :c24 cm. aGEN aCHU